| 000 | 00602nam a2200217 a 4500 | ||
|---|---|---|---|
| 001 | BRL_1776 | ||
| 005 | 20190320211350.0 | ||
| 008 | 290715s1991----mx-a######---#000-0#spa-# | ||
| 020 | _a9683802354 | ||
| 041 | _aspa | ||
| 044 | _amx | ||
| 050 | 4 |
_aF1204 _b.P35 1991 |
|
| 100 | 1 |
_aPalomar de Miguel, Juan _927848 |
|
| 245 | 1 | 0 |
_aDiccionario de México _cJuan Palomar de Miguel. |
| 260 |
_aMéxico _bPanorama editorial _c1991 |
||
| 300 |
_a4 v. _bil. _c22 cm |
||
| 500 | _at.1 Au1962, t.2 Au1961, t.3 Au1960, t.4 Au1959 | ||
| 651 | 4 |
_aMéxico _vDiccionarios _927849 |
|
| 902 | _aGRL | ||
| 942 |
_2lcc _cB |
||
| 999 |
_c10584 _d10584 |
||